| 000 -ლიდერი |
| ფიქსირებული სიგრძის საკონტროლო ველი |
01502nam a22002297a 4500 |
| 003 - საკონტროლო ნომრის იდენტიფიკატორი |
| საკონტროლო ველი |
Ge_BSU |
| 005 - ბოლო ოპერაციის თარიღი და დრო |
| საკონტროლო ველი |
20190626142330.0 |
| 008 - ფიქსირებული სიგრძის მონაცემთა ელემენტები - ზოგადი ინფორმაცია |
| ფიქსირებული სიგრძის საკონტროლო ველი |
190626b1944 ge ||||| |||| 00| 0 geo d |
| 041 ## - ენის კოდი |
| Language code of text/sound track or separate title |
geo |
| 080 ## - უნივერსალური ათობითი კლასიფიკაციის ინდექსი |
| Universal Decimal Classification number |
7(479.22)(09) ა-58 |
| 100 ## - მთავარი ჩანაწერი - პიროვნების სახელი |
| Personal name |
ამირანაშვილი, შალვა. |
| 9 (RLIN) |
2948 |
| 245 ## - ცნობა სათაურის შესახებ |
| Title |
ქართული ხელოვნების ისტორია. ტ. 1 : / |
| Statement of responsibility, etc |
შალვა ამირანაშვილი ; რედ: გერონტი ქიქოძე. |
| 264 ## - წარმოების, გამოცემის, დისტრიბუციის და სხვა ცნობები |
| გამოცემის, წარმოების, დისტრიბუციის... ადგილი |
თბილისი : |
| გამოცემის, წარმოების, დისტრიბუციის... სახელწოდება |
საქ. მეცნ. აკად. გამ-ბა, |
| გამოცემის, წარმოების, დისტრიბუციის... თარიღი |
1944. |
| 300 ## - ფიზიკური აღწერა |
| Extent |
[1], 201 გვ. : |
| Other physical details |
116 გვ. სურ. ; |
| Dimensions |
32 სმ. |
| 504 ## - BIBLIOGRAPHY, ETC. NOTE |
| Bibliography, etc |
ბიბლიოგრაფია: ლიტერატურა, გვ. 12-21. ბიბლიოგრაფია: ლიტერატურა შენიშვნებში. |
| 546 ## - LANGUAGE NOTE |
| Language note |
გაშლილ თავფურცელზე სათაური რუსულ ენაზე. |
| 653 ## - INDEX TERM--UNCONTROLLED |
| Uncontrolled term |
ქართული ხელოვნების ისტორია |
| 700 ## - ADDED ENTRY--PERSONAL NAME |
| Personal name |
ქიქოძე, გერონტი |
| Relator term |
რედაქტორი |
| 9 (RLIN) |
2949 |
| 710 ## - ADDED ENTRY--CORPORATE NAME |
| Corporate name or jurisdiction name as entry element |
საქართველოს სსრ მეცნიერებათა აკადემია. |
| 9 (RLIN) |
2950 |
| 710 ## - ADDED ENTRY--CORPORATE NAME |
| Corporate name or jurisdiction name as entry element |
მეტეხი- კულტურის ისტორია და ხელოვნების მუზეუმი |
| 9 (RLIN) |
2951 |
| 942 ## - ADDED ENTRY ELEMENTS (KOHA) |
| Source of classification or shelving scheme |
|
| Koha item type |
წიგნი |